Svetový obchod s nepoľnohospodárskymi a poľnohospodárskymi komoditami

Analýza svetového obchodu s poľnohospodárskymi a priemyselnými výrobkami, obchodné podmienky výmeny tovaru, vývoj v poľnohospodárskom obchode a svetový export poľnohospodárskych komodít.

Gespeichert in:
Bibliographische Detailangaben
1. Verfasser: Jeníček, Vladimír
Format: Buchkapitel
Sprache:Englisch
Schlagworte:
Tags: Tag hinzufügen
Keine Tags, Fügen Sie das erste Tag hinzu!

MARC

LEADER 00000naa a2200000 4500
001 r049337
005 20230929065304.0
041 0 |a eng 
044 |a CZ 
245 1 0 |a Svetový obchod s nepoľnohospodárskymi a poľnohospodárskymi komoditami  |c Vladimír Jeníček 
520 |a Analýza svetového obchodu s poľnohospodárskymi a priemyselnými výrobkami, obchodné podmienky výmeny tovaru, vývoj v poľnohospodárskom obchode a svetový export poľnohospodárskych komodít. 
610 2 0 |a obchod svetový 
610 2 0 |a výrobky poľnohospodárske 
610 2 0 |a výrobky priemyselné 
610 2 0 |a komodity 
610 2 0 |a výmena tovarová 
610 2 0 |a podmienky obchodné 
100 1 |a Jeníček, Vladimír